[Event "Reykjavik op"]
[Site "Reykjavik"]
[Date "2019.04.09"]
[Round "3"]
[White "Ghazarian, Kirk Vagho"]
[Black "Sikkel, Dirk"]
[Result "1-0"]
[WhiteElo "2209"]
[BlackElo "1914"]
[PlyCount "63"]
[EventDate "2019.04.08"]
[EventType "swiss"]
[EventRounds "9"]
[EventCountry "ISL"]
[SourceTitle "CBM 189 Extra"]
[Source "ChessBase"]
[SourceDate "2019.05.31"]
[SourceVersion "1"]
[SourceVersionDate "2019.05.31"]
[SourceQuality "1"]

1. e4 g6 2. d4 Bg7 3. Nc3 d6 4. Be3 a6 5. Qd2 b5 6. f3 Nf6 7. 0-0-0 c6 8. g4 b4 9. Nce2 a5 10. Nf4 Qc7 11. h4 h5 12. gxh5 Nxh5 13. Nxh5 Rxh5 14. Ne2 Nd7 15. Nf4 Rh8 16. h5 g5 17. Ne2 c5 18. Bxg5 cxd4 19. Nxd4 Ne5 20. h6 Bf8 21. f4 Nc4 22. Bxc4 Qxc4 23. b3 Qc5 24. e5 Bg4 25. Qg2 Qc8 26. exd6 Bxd1 27. Rxd1 Ra7 28. Nc6 Rb7 29. dxe7 Bxe7 30. Nxe7 Rxe7 31. Bxe7 Kxe7 32. Qg5+ 1-0

[Event "Gibraltar Challengers op-A"]
[Site "Caleta"]
[Date "2019.01.24"]
[Round "4"]
[White "Sikkel, Dirk"]
[Black "Boardman, Jeffrey"]
[Result "0-1"]
[WhiteElo "1943"]
[BlackElo "2005"]
[PlyCount "88"]
[EventDate "2019.01.21"]
[EventType "swiss"]
[EventRounds "5"]
[EventCountry "GGB"]
[SourceTitle "CBM 188 Extra"]
[Source "ChessBase"]
[SourceDate "2019.02.28"]
[SourceVersion "1"]
[SourceVersionDate "2019.02.28"]
[SourceQuality "1"]

1. e4 c6 2. d4 d5 3. exd5 cxd5 4. Bd3 Nf6 5. Bf4 e6 6. c3 Bd6 7. Bxd6 Qxd6 8. Nf3 0-0 9. 0-0 b6 10. Nbd2 Ba6 11. Bxa6 Nxa6 12. Ne5 b5 13. Re1 Rfc8 14. Re3 Nb8 15. Qf3 Nc6 16. Rae1 b4 17. g4 bxc3 18. bxc3 Rc7 19. g5 Ne8 20. Qh5 g6 21. Qh4 Nxe5 22. dxe5 Qf8 23. Rh3 Qg7 24. Ree3 Qh8 25. Nf3 Ng7 26. Nd4 Rc4 27. Qg3 Rac8 28. Kg2 Nh5 29. Qf3 Qg7 30. Rh4 Qf8 31. Qh3 Qc5 32. Rxh5 gxh5 33. Nxe6 Rg4+ 34. Qxg4 Qxe3 35. Qf5 Qe4+ 36. Qxe4 dxe4 37. Nf4 Rxc3 38. Nxh5 e3 39. fxe3 Rxe3 40. Nf6+ Kh8 41. Ng4 Re2+ 42. Kf3 Rxa2 43. h4 a5 44. Ne3 a4 0-1

[Event "Gibraltar Challengers op-A"]
[Site "Caleta"]
[Date "2019.01.22"]
[Round "2"]
[White "Sikkel, Dirk"]
[Black "Ungureanu, Sandu"]
[Result "1/2-1/2"]
[WhiteElo "1943"]
[BlackElo "2057"]
[PlyCount "165"]
[EventDate "2019.01.21"]
[EventType "swiss"]
[EventRounds "5"]
[EventCountry "GGB"]
[SourceTitle "CBM 188 Extra"]
[Source "ChessBase"]
[SourceDate "2019.02.28"]
[SourceVersion "1"]
[SourceVersionDate "2019.02.28"]
[SourceQuality "1"]

1. e4 c6 2. d4 d5 3. exd5 cxd5 4. Bd3 Nc6 5. c3 Nf6 6. Bf4 a6 7. Nd2 Bg4 8. Ngf3 e6 9. h3 Bxf3 10. Nxf3 Bd6 11. Bxd6 Qxd6 12. 0-0 0-0 13. Re1 Nd7 14. Qc2 g6 15. Rad1 b5 16. Re2 Qf4 17. Qc1 Qxc1 18. Rxc1 Nb6 19. Ne5 Nxe5 20. Rxe5 Rfc8 21. Rce1 Na4 22. R1e2 Rab8 23. f4 a5 24. a3 b4 25. cxb4 axb4 26. R5e3 Nxb2 27. Rxb2 bxa3 28. Rxb8 Rxb8 29. Re2 Rb4 30. Ra2 Rxd4 31. Rxa3 Rxf4 32. g3 Rb4 33. Kf2 g5 34. Ke3 h5 35. Be2 h4 36. g4 Kg7 37. Bf3 Kf6 38. Ra7 Rb3+ 39. Kf2 Rb2+ 40. Kg1 d4 41. Rd7 Rd2 42. Bg2 Kg7 43. Be4 Kf6 44. Bg2 Rd3 45. Kf2 e5 46. Rd8 Rc3 47. Rd6+ Ke7 48. Rd5 f6 49. Rb5 Rc2+ 50. Kf1 Rc7 51. Be4 Rc3 52. Kg2 Rg3+ 53. Kh2 Re3 54. Bf5 d3 55. Rd5 e4 56. Bxe4 Rxe4 57. Rxd3 Re2+ 58. Kg1 Ke6 59. Rf3 Rd2 60. Rf5 Rd5 61. Rf2 f5 62. gxf5+ Rxf5 63. Ra2 Rf3 64. Kg2 Rg3+ 65. Kh2 Re3 66. Ra6+ Kf5 67. Ra5+ Kf4 68. Kg2 Re2+ 69. Kf1 Rd2 70. Ra4+ Kg3 71. Rg4+ Kxh3 72. Rxg5 Kh2 73. Rg8 h3 74. Rg7 Rg2 75. Rh7 Rg5 76. Kf2 Rf5+ 77. Ke2 Kg2 78. Rg7+ Kh1 79. Rh7 h2 80. Rh8 Rf4 81. Ke3 Rg4 82. Kf3 Rg2 83. Ra8 1/2-1/2

[Event "Brasschaat op 18th"]
[Site "Brasschaat"]
[Date "2018.08.20"]
[Round "3"]
[White "Grochal, Joey"]
[Black "Sikkel, Dirk"]
[Result "1-0"]
[WhiteElo "2300"]
[BlackElo "1973"]
[PlyCount "47"]
[EventDate "2018.08.18"]
[EventType "swiss"]
[EventRounds "9"]
[EventCountry "BEL"]
[SourceTitle "CBM 186 Extra"]
[Source "ChessBase"]
[SourceDate "2018.08.24"]
[SourceVersion "1"]
[SourceVersionDate "2018.08.24"]
[SourceQuality "1"]

1. d4 g6 2. c4 Bg7 3. e4 d6 4. Nc3 e5 5. Nge2 Nc6 6. Be3 exd4 7. Nxd4 Nge7 8. h4 f5 9. h5 0-0 10. hxg6 hxg6 11. c5 Re8 12. Qb3+ Kf8 13. 0-0-0 fxe4 14. Nxe4 Nxd4 15. Bxd4 Bxd4 16. Rxd4 Nf5 17. Qh3 Nxd4 18. Qh8+ Kf7 19. Rh7+ Ke6 20. Qxd4 Rf8 21. cxd6 cxd6 22. Bc4+ d5 23. Nc5+ Kf5 24. Bd3+ 1-0

[Event "Jersey op"]
[Site "St Clement Bay"]
[Date "2017.04.05"]
[Round "6"]
[White "Sikkel, Dirk"]
[Black "Boxal, Graham"]
[Result "1/2-1/2"]
[WhiteElo "1947"]
[BlackElo "1993"]
[PlyCount "130"]
[EventDate "2017.04.01"]
[EventType "swiss"]
[EventRounds "9"]
[EventCountry "GCI"]
[SourceTitle "CBM 177 Extra"]
[Source "ChessBase"]
[SourceDate "2017.04.27"]
[SourceVersion "1"]
[SourceVersionDate "2017.04.27"]
[SourceQuality "1"]

1. e4 e5 2. Nf3 Nc6 3. Bb5 Nge7 4. 0-0 a6 5. Ba4 d6 6. d4 exd4 7. Nxd4 b5 8. Bb3 Na5 9. Qf3 Nxb3 10. axb3 Bb7 11. Bg5 h6 12. Bh4 Qd7 13. Nd2 Ng6 14. Bg3 Be7 15. Qe2 Bf6 16. c3 0-0 17. Rad1 Rae8 18. Qd3 Be5 19. Nf5 Bxg3 20. Nxg3 Qc6 21. Nf3 Ne5 22. Nxe5 Rxe5 23. f3 Rfe8 24. Qd4 Bc8 25. Rd2 Rg5 26. Re2 Be6 27. Rfe1 Bxb3 28. Nf5 Be6 29. Ne3 h5 30. f4 Rc5 31. f5 Bd7 32. Nd5 Re5 33. f6 gxf6 34. Nxf6+ Kf8 35. Rf2 Be6 36. Qe3 Ke7 37. Qh6 Rg5 38. Nd5+ Rcxd5 39. exd5 Qxd5 40. Qf6+ Kd7 41. Qd4 Qxd4 42. cxd4 Rd5 43. Rf4 a5 44. Kf2 Rg5 45. g3 a4 46. Ke3 c6 47. Kd3 Kc7 48. Kc3 Kb6 49. Rf6 Rd5 50. Rh6 c5 51. dxc5+ dxc5 52. Rf1 Re5 53. Rxf7 b4+ 54. Kd2 Kb5 55. Rf4 Bc4 56. Rh8 Re2+ 57. Kd1 Rxh2 58. Rb8+ Kc6 59. Rxc4 Rxb2 60. Rc8+ Kd6 61. R8xc5 a3 62. Rc6+ Kd5 63. R6c5+ Kd6 64. Rc6+ Kd5 65. R6c5+ Kd6 1/2-1/2

[Event "Jersey op"]
[Site "St Clement Bay"]
[Date "2017.04.02"]
[Round "2"]
[White "Sikkel, Dirk"]
[Black "Bryant, Richard BE"]
[Result "1/2-1/2"]
[WhiteElo "1947"]
[BlackElo "1984"]
[PlyCount "129"]
[EventDate "2017.04.01"]
[EventType "swiss"]
[EventRounds "9"]
[EventCountry "GCI"]
[SourceTitle "CBM 177 Extra"]
[Source "ChessBase"]
[SourceDate "2017.04.27"]
[SourceVersion "1"]
[SourceVersionDate "2017.04.27"]
[SourceQuality "1"]

1. e4 e6 2. d4 d5 3. Nd2 Nf6 4. e5 Nfd7 5. Bd3 c5 6. c3 Nc6 7. Ne2 cxd4 8. cxd4 f6 9. exf6 Nxf6 10. Nf3 Bd6 11. 0-0 Qc7 12. h3 0-0 13. Be3 Bd7 14. Re1 a6 15. Rc1 Rac8 16. Qd2 Qd8 17. Bf4 Bb4 18. Nc3 Na5 19. Ne5 Be8 20. Bg5 Qb6 21. Qe3 Nc6 22. Nf3 Bd7 23. Re2 Qa7 24. Bf4 b5 25. Rec2 Be7 26. Be5 Nb4 27. Rd2 Nxd3 28. Rxd3 b4 29. Ne2 Rxc1+ 30. Nxc1 Ne4 31. Rd1 Be8 32. Nd3 Bh5 33. g4 Bf7 34. Rc1 Qb6 35. Bc7 Qb5 36. Bf4 Qa5 37. Nde5 Be8 38. Nc6 Bxc6 39. Rxc6 Qxa2 40. Rxe6 Bd8 41. Bd6 Nxd6 42. Rxd6 Qb1+ 43. Kg2 Qe4 44. Rxa6 Bf6 45. Re6 Qxe3 46. fxe3 Rc8 47. Rb6 Rc2+ 48. Kg3 Rxb2 49. g5 Be7 50. Rb8+ Kf7 51. Ne5+ Ke6 52. Rb6+ Kf5 53. h4 Rb1 54. Rb7 Ke6 55. Kf3 Rh1 56. Nc6 Bd6 57. Nd8+ Kf5 58. Rxg7 Rxh4 59. Nb7 Rh3+ 60. Kg2 Rh2+ 61. Kg1 Bb8 62. Nc5 Rh5 63. Rb7 Rxg5+ 64. Kf1 Bd6 65. Rxh7 1/2-1/2

[Event "Jersey op"]
[Site "St Clement Bay"]
[Date "2017.04.01"]
[Round "1"]
[White "Sikkel, Dirk"]
[Black "Rudd, Jack"]
[Result "0-1"]
[WhiteElo "1947"]
[BlackElo "2177"]
[PlyCount "80"]
[EventDate "2017.04.01"]
[EventType "swiss"]
[EventRounds "9"]
[EventCountry "GCI"]
[SourceTitle "CBM 177 Extra"]
[Source "ChessBase"]
[SourceDate "2017.04.27"]
[SourceVersion "1"]
[SourceVersionDate "2017.04.27"]
[SourceQuality "1"]

1. e4 e5 2. Nf3 Nc6 3. Bb5 Nf6 4. d3 Bc5 5. 0-0 Nd4 6. Nxd4 Bxd4 7. Nd2 c6 8. Ba4 Qe7 9. c3 Bb6 10. Nc4 Bc7 11. Ne3 d6 12. b4 b5 13. Bb3 a5 14. bxa5 Bxa5 15. Qc2 0-0 16. a4 Bb6 17. Ra2 bxa4 18. Rxa4 Be6 19. Rxa8 Rxa8 20. Bxe6 fxe6 21. Nc4 Bc7 22. f4 exf4 23. Bxf4 d5 24. Bxc7 Qxc7 25. Ne3 dxe4 26. dxe4 Qe5 27. Qf2 Qxe4 28. Qg3 Kh8 29. Re1 h5 30. Nf1 Qc4 31. Qe5 Rd8 32. Ng3 Rd5 33. Qxe6 Qxc3 34. Rf1 Re5 35. Qf7 Rg5 36. Qf8+ Kh7 37. Qd6 h4 38. Nf5 Rxf5 39. Rxf5 Qe3+ 40. Kf1 Qc1+ 0-1

[Event "Hastings Masters op 92nd"]
[Site "Hastings"]
[Date "2016.12.31"]
[Round "4"]
[White "Sikkel, Dirk"]
[Black "Byron, Alan M"]
[Result "0-1"]
[WhiteElo "1956"]
[BlackElo "2131"]
[PlyCount "174"]
[EventDate "2016.12.28"]
[EventType "swiss"]
[EventRounds "9"]
[EventCountry "ENG"]
[SourceTitle "CBM 176 Extra"]
[Source "ChessBase"]
[SourceDate "2017.03.02"]
[SourceVersion "1"]
[SourceVersionDate "2017.03.02"]
[SourceQuality "1"]

1. e4 c6 2. d4 d5 3. exd5 cxd5 4. Bd3 Nc6 5. c3 Qc7 6. Ne2 Bg4 7. f3 Bd7 8. Bf4 e5 9. dxe5 Nxe5 10. 0-0 Bd6 11. Nd4 Ne7 12. Na3 a6 13. Nac2 0-0 14. Qd2 N7g6 15. Bg3 f5 16. f4 Nxd3 17. Qxd3 Rae8 18. Rad1 Kh8 19. Kh1 Re4 20. Ne3 Qa5 21. b4 Qa4 22. Nxd5 Qxa2 23. Nb6 Qf7 24. Nxd7 Qxd7 25. Nf3 Re6 26. Qd5 Qc8 27. Nd4 Ref6 28. Rde1 Bb8 29. Rf3 Rd8 30. Qb3 h6 31. h3 Kh7 32. Qc2 Qd7 33. Bh2 Rc8 34. Qd3 Rd8 35. Qf1 Qd5 36. Bg1 Nh4 37. Rf2 Ng6 38. Rf3 Nf8 39. c4 Qf7 40. g3 Rc8 41. Rc1 Ne6 42. Nb3 g5 43. Be3 gxf4 44. gxf4 Rg6 45. Rc2 Rcg8 46. Nd4 a5 47. bxa5 Nc5 48. Ne2 Ne4 49. Rb2 Qd7 50. Rb6 Rxb6 51. axb6 Qc6 52. Kh2 Qxc4 53. Nd4 Qd5 54. Qb5 Nc5 55. Rf2 Bxf4+ 56. Bxf4 Qxd4 57. Qf1 Ne4 58. Rc2 Rg7 59. Rc7 Qb2+ 60. Kh1 Nf2+ 61. Kh2 Ne4+ 62. Kh1 Nf2+ 63. Kh2 Nd3+ 64. Kh1 Nxf4 65. Rxg7+ Kxg7 66. Qxf4 Qb1+ 67. Kg2 Qxb6 68. Qe5+ Qf6 69. Qc7+ Qf7 70. Qc3+ Kh7 71. Kf2 Qe7 72. Qa5 Qh4+ 73. Kg2 Qe4+ 74. Kf2 Kg6 75. Qb6+ Qc6 76. Qd8 Qc2+ 77. Kf3 Qe4+ 78. Kf2 Qc2+ 79. Kf3 Qc3+ 80. Kg2 Qc6+ 81. Kf2 Qe6 82. Qc7 b6 83. Qg3+ Kf7 84. Qc7+ Kf6 85. Qc3+ Qe5 86. Qc6+ Kg5 87. Kg2 Qe4+ 0-1

[Event "Bad Woerishofen op 32nd"]
[Site "Bad Woerishofen"]
[Date "2016.02.26"]
[Round "1"]
[White "Pap, Misa"]
[Black "Sikkel, Dirk"]
[Result "1-0"]
[WhiteElo "2483"]
[BlackElo "2015"]
[PlyCount "127"]
[EventDate "2016.02.26"]
[EventType "swiss"]
[EventRounds "9"]
[EventCountry "GER"]
[SourceTitle "CBM 171 Extra"]
[Source "ChessBase"]
[SourceDate "2016.04.26"]
[SourceVersion "1"]
[SourceVersionDate "2016.04.26"]
[SourceQuality "1"]

1. e4 g6 2. d4 Bg7 3. Nf3 d6 4. Bc4 Nf6 5. Qe2 0-0 6. e5 dxe5 7. dxe5 Nd5 8. 0-0 Nb6 9. Bb3 Bg4 10. e6 f5 11. h3 Bxf3 12. Qxf3 Nc6 13. c3 Na5 14. Rd1 Qc8 15. Bc2 Nac4 16. a4 a5 17. Bb3 c6 18. Bf4 Kh8 19. Qe2 Nd6 20. Bxd6 exd6 21. Rxd6 Qc7 22. Rd1 Rfe8 23. Nd2 Qe5 24. Qf1 Nd5 25. Nf3 Qf6 26. Bxd5 cxd5 27. Rxd5 Qxe6 28. Qb5 Qc6 29. Rad1 Qxb5 30. Rxb5 Reb8 31. Rd7 b6 32. h4 Bf8 33. Rbd5 Re8 34. h5 Re7 35. hxg6 hxg6 36. Ne5 Re6 37. f4 Kg8 38. Kh2 Rae8 39. Kg3 Bg7 40. Nf3 Bf6 41. R5d6 Kf8 42. Rxe6 Rxe6 43. Rb7 Ke8 44. Kf2 Be7 45. Rb8+ Kd7 46. Ne5+ Kc7 47. Rg8 g5 48. Rg6 Bc5+ 49. Kf3 g4+ 50. Ke2 Rxg6 51. Nxg6 Kd6 52. Ne5 Kd5 53. Kd3 Bg1 54. Nc4 Ke6 55. b3 Bc5 56. Ke2 Kd5 57. Kd3 Ke6 58. Ne3 Kf6 59. b4 Bd6 60. g3 Ke6 61. Kc4 Bc7 62. Nd5 Bd8 63. Kd4 b5 64. bxa5 1-0

[Event "Hastings Masters op 91st"]
[Site "Hastings"]
[Date "2016.01.01"]
[Round "5"]
[White "Sikkel, Dirk"]
[Black "Kett, Timothy"]
[Result "0-1"]
[WhiteElo "1991"]
[BlackElo "2192"]
[PlyCount "106"]
[EventDate "2015.12.28"]
[EventType "swiss"]
[EventRounds "9"]
[EventCountry "ENG"]
[SourceTitle "CBM 170 Extra"]
[Source "ChessBase"]
[SourceDate "2016.02.25"]
[SourceVersion "1"]
[SourceVersionDate "2016.02.25"]
[SourceQuality "1"]

1. e4 c5 2. Nf3 g6 3. d4 cxd4 4. Qxd4 Nf6 5. e5 Nc6 6. Qa4 Nd5 7. Qe4 Nb6 8. Bf4 Bg7 9. Nc3 0-0 10. Bb5 d5 11. exd6 exd6 12. 0-0 d5 13. Qd3 Bf5 14. Qd2 a6 15. Bxc6 bxc6 16. Rad1 Bg4 17. Qd3 Nc4 18. Na4 Re8 19. Rb1 Qf6 20. Bg5 Qf5 21. Qxf5 Bxf5 22. b3 Na3 23. Rbc1 Nxc2 24. Nh4 Bd3 25. Rfd1 h6 26. Rxd3 hxg5 27. Nf3 Nb4 28. Rdd1 g4 29. Ne1 Nxa2 30. Rxc6 Nb4 31. Rb6 Rab8 32. Rxb8 Rxb8 33. Kf1 d4 34. Nd3 Nxd3 35. Rxd3 Rc8 36. Ke2 f5 37. Nb6 Rc6 38. Nc4 Kf7 39. Rd1 Ke6 40. Kd3 Kd5 41. Re1 Re6 42. Ra1 Kc5 43. Ra4 f4 44. Nd2 Kb5 45. Rc4 g3 46. hxg3 fxg3 47. fxg3 Re3+ 48. Kc2 Rxg3 49. Rc7 d3+ 50. Kd1 Bh6 51. Rh7 Bf4 52. Rd7 Rxg2 53. Rxd3 Rxd2+ 0-1

[Event "Bad Woerishofen op 31st"]
[Site "Bad Woerishofen"]
[Date "2015.03.04"]
[Round "6"]
[White "Baeuml, Ulrich"]
[Black "Sikkel, Dirk"]
[Result "1-0"]
[WhiteElo "2082"]
[BlackElo "1988"]
[PlyCount "49"]
[EventDate "2015.02.27"]
[EventType "swiss"]
[EventRounds "9"]
[EventCountry "GER"]
[SourceTitle "CBM 165 Extra"]
[Source "ChessBase"]
[SourceDate "2015.04.21"]
[SourceVersion "1"]
[SourceVersionDate "2015.04.21"]
[SourceQuality "1"]

1. c4 g6 2. g3 Bg7 3. Bg2 e5 4. Nc3 Nc6 5. d3 Nf6 6. Rb1 a5 7. a3 0-0 8. b4 axb4 9. axb4 d6 10. b5 Ne7 11. Nf3 Nh5 12. 0-0 h6 13. Qb3 Kh7 14. Ba3 Rb8 15. c5 Be6 16. Qc2 d5 17. c6 b6 18. e4 d4 19. Nd5 Bf6 20. Nxf6+ Nxf6 21. Nxe5 Rg8 22. Qb2 Nc8 23. Nf3 Ra8 24. Nxd4 Rxa3 25. Nxe6 1-0

[Event "Hastings Masters op 90th"]
[Site "Hastings"]
[Date "2015.01.04"]
[Round "7"]
[White "Sikkel, Dirk"]
[Black "Kyrkjebo, Hannah Bakken"]
[Result "1-0"]
[WhiteElo "1984"]
[BlackElo "1831"]
[PlyCount "153"]
[EventDate "2014.12.29"]
[EventType "swiss"]
[EventRounds "9"]
[EventCountry "ENG"]
[SourceTitle "CBM 164 Extra"]
[Source "ChessBase"]
[SourceDate "2015.03.02"]
[SourceVersion "1"]
[SourceVersionDate "2015.03.02"]
[SourceQuality "1"]

1. e4 e5 2. Nf3 Nc6 3. Bb5 a6 4. Bxc6 dxc6 5. 0-0 Bg4 6. h3 h5 7. d3 Qf6 8. Nbd2 Bd6 9. Re1 Ne7 10. d4 Ng6 11. hxg4 hxg4 12. Nh2 Rxh2 13. Qxg4 Qh4 14. Qxh4 Rxh4 15. Nf3 Rh5 16. Be3 0-0-0 17. c3 Rdh8 18. Kf1 Nf4 19. Bxf4 exf4 20. Ke2 g5 21. Nd2 Rh2 22. Rg1 g4 23. e5 Be7 24. Ne4 Rxg2 25. Rxg2 f3+ 26. Ke3 fxg2 27. Rg1 Rh2 28. Kf4 Kd7 29. Kxg4 Ke6 30. Kg3 Rh1 31. Rxg2 Kf5 32. Kf3 Rb1 33. b4 Ra1 34. Rg7 Ke6 35. Ke3 Re1+ 36. Kd3 Rd1+ 37. Kc2 Re1 38. f3 Rf1 39. Nd2 Rf2 40. Kd3 Bf8 41. Rh7 Rg2 42. a4 Rg1 43. Rh8 Be7 44. Rh6+ Kf5 45. Rh5+ Ke6 46. f4 Rg3+ 47. Kc2 Rg2 48. f5+ Kd7 49. f6 Bf8 50. Rh8 Ke8 51. Kd3 Rg6 52. Ne4 Rh6 53. Rxh6 Bxh6 54. Nc5 b5 55. axb5 axb5 56. Na6 Kd7 57. Nb8+ Ke6 58. Nxc6 Kd7 59. Na5 Bf8 60. d5 Bh6 61. Nc6 Bf4 62. Kd4 Bg3 63. Kc5 Be1 64. Kxb5 Bxc3 65. Kc4 Bb2 66. b5 Bc1 67. Kd4 Bd2 68. Ke4 Bc3 69. Kf5 Bb2 70. e6+ fxe6+ 71. dxe6+ Ke8 72. Ne5 Ba3 73. Ng6 Bc5 74. f7+ Kd8 75. f8Q+ Bxf8 76. Nxf8 Ke7 77. Ng6+ 1-0

[Event "Guernsey op 40th"]
[Site "Vale"]
[Date "2014.10.22"]
[Round "4"]
[White "De Haan, Eric"]
[Black "Sikkel, Dirk"]
[Result "1-0"]
[WhiteElo "2282"]
[BlackElo "2007"]
[PlyCount "111"]
[EventDate "2014.10.19"]
[EventType "swiss"]
[EventRounds "7"]
[EventCountry "GCI"]
[SourceTitle "EXT 2016"]
[Source "ChessBase"]
[SourceDate "2015.10.08"]
[SourceVersion "1"]
[SourceVersionDate "2015.10.08"]
[SourceQuality "1"]

1. d4 g6 2. c4 Bg7 3. e4 d6 4. Nc3 c6 5. Be3 Qa5 6. Qd2 c5 7. d5 Na6 8. Nge2 Bd7 9. Nc1 h5 10. Be2 Bxc3 11. bxc3 Nf6 12. f3 Nc7 13. a4 Qa6 14. 0-0 0-0 15. Nd3 e5 16. a5 Rfb8 17. Rfb1 b5 18. Nb2 bxc4 19. Qe1 Bb5 20. Qf1 Qc8 21. Bxc4 Qd7 22. Bd3 Bxd3 23. Qxd3 Rb3 24. Nc4 Rab8 25. Qc2 Rxb1+ 26. Rxb1 Rxb1+ 27. Qxb1 Qb5 28. Qa2 Nfe8 29. Kf2 Kg7 30. Ke1 f6 31. Kd2 Kf7 32. Kc2 Ke7 33. Qb3 Qxb3+ 34. Kxb3 a6 35. Nb6 Nb5 36. Bc1 Kd8 37. Kc4 Kc7 38. Bh6 Na7 39. Bf8 Nb5 40. Na4 Kd7 41. Kb3 Kc7 42. Nb6 Kd8 43. h4 f5 44. exf5 gxf5 45. Kc2 Nf6 46. Bh6 Kc7 47. Bg5 Nh7 48. Be7 Na3+ 49. Kd3 Nb5 50. g3 e4+ 51. fxe4 fxe4+ 52. Kxe4 Nxc3+ 53. Kf5 Ne2 54. Kg6 Nxg3 55. Kxh7 Nf5 56. Bg5 1-0